Data Structures, Algorithms and applications in Java (Record no. 135)

MARC details
000 -LEADER
Fixed length control field 00534nam a2200193 4500
003 - CONTROL NUMBER IDENTIFIER
Control field SEACOMEC
005 - DATE AND TIME OF LATEST TRANSACTION
Control field 20240415115029.0
008 - FIXED-LENGTH DATA ELEMENTS--GENERAL INFORMATION
Fixed length control field 231006b |||||||| |||| 00| 0 eng d
020 ## - INTERNATIONAL STANDARD BOOK NUMBER / ISBN
Price Rs. 480.00
040 ## - CATALOGING SOURCE
Original cataloging agency SEACOMEC
082 ## - DEWEY DECIMAL CLASSIFICATION NUMBER
Classification number 005.73
Book Number S131
100 1# - MAIN ENTRY--PERSONAL NAME
Personal name Sajni, Sartaj
245 1# - TITLE STATEMENT
Title Data Structures, Algorithms and applications in Java
Statement of responsibility Sartaj Sajni
250 ## - EDITION STATEMENT
Edition statement 2nd ed.
260 ## - IMPRINT
Place of publication Hyderabad
Name of publisher Universities
Date of publication 2005
650 ## - SUBJECT ADDED ENTRY--TOPICAL TERM
Topical term Computer programming, programs, data
650 ## - SUBJECT ADDED ENTRY--TOPICAL TERM
Topical term Data in computer systems
942 ## - ADDED ENTRY ELEMENTS (KOHA)
Koha item type Books
Holdings
Withdrawn status Lost status Source of classification Damaged status Not for loan Home library Current library Date acquired Price Total Checkouts Call number Accession number Date last seen Price effective from Koha item type Copy number
    Dewey Decimal Classification     SEACOM ENGINEERING COLLEGE SEACOM ENGINEERING COLLEGE 02/08/2006 480.00   005.73 S131 5073 07/08/2024 07/08/2024 Books  
    Dewey Decimal Classification     SEACOM ENGINEERING COLLEGE SEACOM ENGINEERING COLLEGE 02/08/2006 480.00   005.73 S131 5074 07/08/2024 07/08/2024 Books 1
    Dewey Decimal Classification     SEACOM ENGINEERING COLLEGE SEACOM ENGINEERING COLLEGE 02/08/2006 480.00   005.73 S131 5075 07/08/2024 07/08/2024 Books 2
    Dewey Decimal Classification     SEACOM ENGINEERING COLLEGE SEACOM ENGINEERING COLLEGE 02/08/2006 480.00   005.73 S131 5076 07/08/2024 07/08/2024 Books 3
    Dewey Decimal Classification     SEACOM ENGINEERING COLLEGE SEACOM ENGINEERING COLLEGE 02/08/2006 480.00   005.73 S131 5077 07/08/2024 07/08/2024 Books 4
    Dewey Decimal Classification     SEACOM ENGINEERING COLLEGE SEACOM ENGINEERING COLLEGE 21/03/2007 480.00   005.73 S131 6542 07/08/2024 07/08/2024 Books 5
    Dewey Decimal Classification     SEACOM ENGINEERING COLLEGE SEACOM ENGINEERING COLLEGE 21/03/2007 480.00   005.73 S131 6543 07/08/2024 07/08/2024 Books 6
    Dewey Decimal Classification     SEACOM ENGINEERING COLLEGE SEACOM ENGINEERING COLLEGE 21/03/2007 480.00   005.73 S131 6544 07/08/2024 07/08/2024 Books 7
    Dewey Decimal Classification     SEACOM ENGINEERING COLLEGE SEACOM ENGINEERING COLLEGE 21/03/2007 480.00   005.73 S131 6545 07/08/2024 07/08/2024 Books 8
    Dewey Decimal Classification     SEACOM ENGINEERING COLLEGE SEACOM ENGINEERING COLLEGE 21/03/2007 480.00   005.73 S131 6546 07/08/2024 07/08/2024 Books 9
    Dewey Decimal Classification     SEACOM ENGINEERING COLLEGE SEACOM ENGINEERING COLLEGE 24/07/2007 480.00   005.73 S131 7749 07/08/2024 07/08/2024 Books 10
    Dewey Decimal Classification     SEACOM ENGINEERING COLLEGE SEACOM ENGINEERING COLLEGE 31/03/2008     005.73 S131 10434 07/08/2024 07/08/2024 Books 11
    Dewey Decimal Classification     SEACOM ENGINEERING COLLEGE SEACOM ENGINEERING COLLEGE 31/03/2008     005.73 S131 10435 07/08/2024 07/08/2024 Books 12
    Dewey Decimal Classification     SEACOM ENGINEERING COLLEGE SEACOM ENGINEERING COLLEGE 31/03/2008     005.73 S131 10436 07/08/2024 07/08/2024 Books 13
    Dewey Decimal Classification     SEACOM ENGINEERING COLLEGE SEACOM ENGINEERING COLLEGE 31/03/2008     005.73 S131 10437 07/08/2024 07/08/2024 Books 14
© Seacom Engineering College, All rights reserved.      Powered by Koha